00422nam a22001217a 4500003000200000005001700002008004100019050002400060245010100084260007400185300002500259500001600284020230624105201.0230624b xxu||||| |||| 00| 0 eng d aTR 897.5b.R67 2022 aQuest and the five Ws: an educational animation for elementary studentscRosales, Jamie Jean P.  aLas Piñas CitybSouthville International School and Collegescc2022 aviii, 85pp. c28cm.  aAnimation.